[Event "DEM U16 2018"]
[Site "Willingen GER"]
[Date "2018.05.21"]
[Round "3"]
[White "Pajeken, Jakob Leon"]
[Black "Baltic, Fatih"]
[Result "1-0"]
[Termination "normal"]
[Board "4"]
[BlackTitle "FM"]
[WhiteElo "2278"]
[BlackElo "2135"]
[WhiteClock "00:38:09"]
[BlackClock "00:11:57"]
[PlyCount "63"]
[WhiteFideId "12942839"]
[BlackFideId "12979090"]
[EventCountry "GER"]
[EventRounds "9"]
[EventType "swiss"]
[EventDate "2018.05.19"]

1. d4 {[%clk 1:30:47]} 1... Nf6 {[%clk 1:30:48]} 2. Nf3 {[%clk 1:31:08]} 2...
e6 {[%clk 1:29:59]} 3. Bf4 {[%clk 1:31:21]} 3... d5 {[%clk 1:29:56]} 4. e3 {
[%clk 1:31:39]} 4... c5 {[%clk 1:30:13]} 5. c3 {[%clk 1:32:03]} 5... Nc6 {
[%clk 1:30:30]} 6. Nbd2 {[%clk 1:32:26]} 6... Bd6 {[%clk 1:30:44]} 7. Bg3 {
[%clk 1:32:50]} 7... O-O {[%clk 1:31:01]} 8. Bd3 {[%clk 1:33:12]} 8... b6 {
[%clk 1:31:30]} 9. Qe2 {[%clk 1:33:26]} 9... Bb7 {[%clk 1:20:42]} 10. Rd1 {
[%clk 1:33:44]} 10... cxd4 {[%clk 1:12:29]} 11. exd4 {[%clk 1:33:56]} 11... Qc7
{[%clk 1:11:35]} 12. O-O {[%clk 1:29:53]} 12... Bxg3 {[%clk 1:05:12]} 13. hxg3
{[%clk 1:30:09]} 13... Rae8 {[%clk 1:01:41]} 14. Ne5 {[%clk 1:27:44]} 14... Nd7
{[%clk 0:54:12]} 15. Rfe1 {[%clk 1:20:30]} 15... Ncxe5 {[%clk 0:46:57]} 16.
dxe5 {[%clk 1:20:48]} 16... f6 {[%clk 0:46:04]} 17. exf6 {[%clk 1:18:15]} 17...
gxf6 {[%clk 0:40:37]} 18. Nf3 {[%clk 1:06:48]} 18... e5 {[%clk 0:31:11]} 19.
Bf5 {[%clk 1:06:15]} 19... e4 {[%clk 0:29:09]} 20. Nd4 {[%clk 1:06:14]} 20...
Ne5 {[%clk 0:28:47]} 21. Qh5 {[%clk 0:57:29]} 21... Qf7 {[%clk 0:23:34]} 22.
Qxf7+ {[%clk 0:53:34]} 22... Kxf7 {[%clk 0:23:24]} 23. Bxh7 {[%clk 0:53:32]}
23... Rh8 {[%clk 0:23:52]} 24. Bf5 {[%clk 0:53:51]} 24... Rh5 {[%clk 0:20:49]}
25. g4 {[%clk 0:47:58]} 25... Rh6 {[%clk 0:20:13]} 26. f4 {[%clk 0:37:58]}
26... Nd3 {[%clk 0:16:43]} 27. g5 {[%clk 0:37:47]} 27... Rh5 {[%clk 0:14:46]}
28. g6+ {[%clk 0:37:01]} 28... Kf8 {[%clk 0:13:04]} 29. g7+ {[%clk 0:37:06]}
29... Kxg7 {[%clk 0:11:35]} 30. Rxd3 {[%clk 0:37:30]} 30... exd3 { [%clk
0:11:43]} 31. Rxe8 {[%clk 0:37:52]} 31... d2 {[%clk 0:11:57]} 32. Bc2 { [%clk
0:38:09]} 1-0

[Event "DEM U16 2018"]
[Site "Willingen GER"]
[Date "2018.05.21"]
[Round "3"]
[White "Holinka, Henning"]
[Black "Kopylov, Daniel"]
[Result "0-1"]
[Termination "normal"]
[Board "6"]
[WhiteElo "2185"]
[BlackElo "2298"]
[WhiteClock "00:00:43"]
[BlackClock "00:08:48"]
[PlyCount "62"]
[WhiteFideId "12967084"]
[BlackFideId "12921971"]
[EventCountry "GER"]
[EventRounds "9"]
[EventType "swiss"]
[EventDate "2018.05.19"]

1. e4 {[%clk 1:30:54]} 1... e6 {[%clk 1:30:25]} 2. d4 {[%clk 1:31:15]} 2... d5
{[%clk 1:30:48]} 3. Bd3 {[%clk 1:31:33]} 3... dxe4 {[%clk 1:27:05]} 4. Bxe4 {
[%clk 1:31:50]} 4... c5 {[%clk 1:25:53]} 5. Ne2 {[%clk 1:28:44]} 5... Nf6 {
[%clk 1:23:49]} 6. Bf3 {[%clk 1:28:42]} 6... Nc6 {[%clk 1:23:32]} 7. Be3 {
[%clk 1:26:49]} 7... Nd5 {[%clk 1:20:57]} 8. Bxd5 {[%clk 1:20:31]} 8... Qxd5 {
[%clk 1:20:31]} 9. O-O {[%clk 1:19:55]} 9... cxd4 {[%clk 1:14:10]} 10. Nxd4 {
[%clk 1:17:32]} 10... Nxd4 {[%clk 1:08:49]} 11. Bxd4 {[%clk 1:12:37]} 11... b6
{[%clk 1:05:32]} 12. Nc3 {[%clk 1:10:11]} 12... Qc6 {[%clk 1:04:17]} 13. Qe2 {
[%clk 1:04:11]} 13... Bb7 {[%clk 1:00:50]} 14. f3 {[%clk 1:02:54]} 14... Bc5 {
[%clk 0:58:40]} 15. Bxc5 {[%clk 1:01:07]} 15... Qxc5+ {[%clk 0:58:12]} 16. Kh1
{[%clk 0:59:17]} 16... O-O {[%clk 0:57:47]} 17. Rfd1 {[%clk 0:56:44]} 17...
Rac8 {[%clk 0:51:27]} 18. a4 {[%clk 0:52:44]} 18... Qb4 {[%clk 0:49:00]} 19.
Qb5 {[%clk 0:46:30]} 19... Qf4 {[%clk 0:48:14]} 20. Qd7 {[%clk 0:33:20]} 20...
Bxf3 {[%clk 0:38:39]} 21. Rf1 {[%clk 0:29:55]} 21... Bc6 {[%clk 0:37:27]} 22.
Qxa7 {[%clk 0:24:18]} 22... Qg4 {[%clk 0:36:15]} 23. Rf2 {[%clk 0:19:24]} 23...
Qb4 {[%clk 0:24:19]} 24. Raf1 {[%clk 0:11:27]} 24... f6 {[%clk 0:15:49]} 25.
Nb5 {[%clk 0:08:20]} 25... Qc5 {[%clk 0:14:02]} 26. b4 {[%clk 0:07:46]} 26...
Qe3 {[%clk 0:12:34]} 27. Qe7 {[%clk 0:02:24]} 27... Rcd8 {[%clk 0:09:25]} 28.
Nd6 {[%clk 0:00:38]} 28... Rd7 {[%clk 0:08:56]} 29. Nf5 {[%clk 0:01:03]} 29...
Qxf2 {[%clk 0:08:13]} 30. Qxe6+ {[%clk 0:01:24]} 30... Kh8 {[%clk 0:08:32]} 31.
Ne3 {[%clk 0:00:43]} 31... Bxg2+ {[%clk 0:08:48]} 0-1

[Event "DEM U16 2018"]
[Site "Willingen GER"]
[Date "2018.05.21"]
[Round "3"]
[White "Mohammadi Nia, Borna"]
[Black "Roseneck, Jonas"]
[Result "0-1"]
[Termination "normal"]
[Board "7"]
[WhiteElo "2029"]
[BlackElo "2183"]
[WhiteClock "01:13:57"]
[BlackClock "00:50:20"]
[PlyCount "58"]
[WhiteFideId "16207319"]
[BlackFideId "12939870"]
[EventCountry "GER"]
[EventRounds "9"]
[EventType "swiss"]
[EventDate "2018.05.19"]

1. e4 {[%clk 1:30:57]} 1... e5 {[%clk 1:30:55]} 2. Nf3 {[%clk 1:31:23]} 2...
Nc6 {[%clk 1:31:21]} 3. Bb5 {[%clk 1:31:32]} 3... a6 {[%clk 1:31:46]} 4. Ba4 {
[%clk 1:31:59]} 4... Nf6 {[%clk 1:32:12]} 5. O-O {[%clk 1:32:23]} 5... Be7 {
[%clk 1:32:40]} 6. d3 {[%clk 1:32:40]} 6... d6 {[%clk 1:32:44]} 7. a3 { [%clk
1:32:50]} 7... O-O {[%clk 1:31:53]} 8. Nc3 {[%clk 1:33:06]} 8... Bg4 { [%clk
1:28:20]} 9. Be3 {[%clk 1:31:24]} 9... Nd4 {[%clk 1:18:48]} 10. Bxd4 { [%clk
1:31:38]} 10... exd4 {[%clk 1:19:16]} 11. Nd5 {[%clk 1:32:06]} 11... Nxd5
{[%clk 1:18:02]} 12. exd5 {[%clk 1:32:33]} 12... Bf6 {[%clk 1:18:12]} 13. Qe2 {
[%clk 1:31:22]} 13... b5 {[%clk 1:11:37]} 14. Bb3 {[%clk 1:31:49]} 14... Re8 {
[%clk 1:12:01]} 15. Qd2 {[%clk 1:32:15]} 15... Bxf3 {[%clk 1:07:09]} 16. gxf3 {
[%clk 1:32:40]} 16... Bg5 {[%clk 1:07:32]} 17. f4 {[%clk 1:32:56]} 17... Bh6 {
[%clk 1:07:57]} 18. Rfe1 {[%clk 1:32:43]} 18... Qf6 {[%clk 1:07:35]} 19. Rxe8+
{[%clk 1:32:40]} 19... Rxe8 {[%clk 1:07:59]} 20. Re1 {[%clk 1:33:06]} 20...
Rxe1+ {[%clk 1:08:21]} 21. Qxe1 {[%clk 1:33:30]} 21... g6 {[%clk 1:08:48]} 22.
Qe8+ {[%clk 1:24:54]} 22... Kg7 {[%clk 1:09:03]} 23. Qd7 {[%clk 1:23:54]} 23...
Bxf4 {[%clk 1:07:36]} 24. Qxc7 {[%clk 1:19:36]} 24... Qg5+ {[%clk 0:51:53]} 25.
Kf1 {[%clk 1:18:02]} 25... Bxh2 {[%clk 0:52:16]} 26. Qb6 {[%clk 1:16:59]} 26...
Qg1+ {[%clk 0:51:08]} 27. Ke2 {[%clk 1:17:05]} 27... Qg4+ {[%clk 0:51:37]} 28.
Kf1 {[%clk 1:15:04]} 28... h5 {[%clk 0:50:13]} 29. Qd8 {[%clk 1:13:57]} 29...
Qd1+ {[%clk 0:50:20]} 0-1

[Event "DEM U16 2018"]
[Site "Willingen GER"]
[Date "2018.05.21"]
[Round "3"]
[White "Stork, Oliver"]
[Black "Richter, Nils"]
[Result "1-0"]
[Termination "normal"]
[Board "8"]
[WhiteElo "2195"]
[BlackElo "2096"]
[WhiteClock "00:01:21"]
[BlackClock "00:00:43"]
[PlyCount "61"]
[WhiteFideId "12955728"]
[BlackFideId "12990809"]
[EventCountry "GER"]
[EventRounds "9"]
[EventType "swiss"]
[EventDate "2018.05.19"]

1. c4 {[%clk 1:30:57]} 1... Nf6 {[%clk 1:30:49]} 2. g3 {[%clk 1:31:20]} 2... g6
{[%clk 1:31:10]} 3. Bg2 {[%clk 1:31:44]} 3... Bg7 {[%clk 1:31:36]} 4. Nc3 {
[%clk 1:32:09]} 4... O-O {[%clk 1:31:53]} 5. d3 {[%clk 1:32:34]} 5... d6 {
[%clk 1:32:13]} 6. e4 {[%clk 1:32:57]} 6... Nc6 {[%clk 1:32:23]} 7. Nge2 {
[%clk 1:33:19]} 7... e5 {[%clk 1:32:41]} 8. O-O {[%clk 1:33:37]} 8... h6 {
[%clk 1:31:40]} 9. h3 {[%clk 1:33:23]} 9... Ne8 {[%clk 1:26:24]} 10. Nd5 {
[%clk 1:26:31]} 10... f5 {[%clk 1:23:31]} 11. exf5 {[%clk 1:26:02]} 11... gxf5
{[%clk 1:23:04]} 12. f4 {[%clk 1:25:00]} 12... Nf6 {[%clk 1:17:23]} 13. Nec3 {
[%clk 1:17:01]} 13... Ne7 {[%clk 1:11:10]} 14. Rb1 {[%clk 1:10:26]} 14... Nexd5
{[%clk 0:59:47]} 15. Nxd5 {[%clk 1:09:18]} 15... c6 {[%clk 1:00:05]} 16. Nxf6+
{[%clk 1:08:34]} 16... Qxf6 {[%clk 0:59:41]} 17. b4 {[%clk 1:01:11]} 17... Qg6
{[%clk 0:56:12]} 18. Kh2 {[%clk 0:59:33]} 18... Be6 {[%clk 0:41:29]} 19. b5 {
[%clk 0:29:49]} 19... e4 {[%clk 0:34:30]} 20. bxc6 {[%clk 0:27:31]} 20... bxc6
{[%clk 0:34:58]} 21. dxe4 {[%clk 0:25:14]} 21... Bxc4 {[%clk 0:33:48]} 22. Re1
{[%clk 0:24:40]} 22... Rae8 {[%clk 0:27:11]} 23. Qc2 {[%clk 0:21:54]} 23... Qf7
{[%clk 0:25:10]} 24. Ba3 {[%clk 0:18:35]} 24... c5 {[%clk 0:18:15]} 25. e5 {
[%clk 0:16:15]} 25... Bxa2 {[%clk 0:15:07]} 26. Rb7 {[%clk 0:15:13]} 26... Qe6
{[%clk 0:09:08]} 27. exd6 {[%clk 0:08:38]} 27... Qxe1 {[%clk 0:09:28]} 28.
Qxa2+ {[%clk 0:09:05]} 28... Kh8 {[%clk 0:09:40]} 29. Bb2 {[%clk 0:08:59]}
29... Bc3 {[%clk 0:03:57]} 30. Re7 {[%clk 0:01:58]} 30... Qd2 {[%clk 0:00:43]}
31. Qe6 {[%clk 0:01:21]} 1-0

[Event "DEM U16 2018"]
[Site "Willingen GER"]
[Date "2018.05.21"]
[Round "3"]
[White "Knüdel, Torben"]
[Black "Wong, Gengchun"]
[Result "1/2-1/2"]
[Termination "normal"]
[Board "9"]
[WhiteElo "2034"]
[BlackElo "2120"]
[WhiteClock "00:00:54"]
[BlackClock "00:00:36"]
[PlyCount "81"]
[WhiteFideId "16208820"]
[BlackFideId "12963283"]
[EventCountry "GER"]
[EventRounds "9"]
[EventType "swiss"]
[EventDate "2018.05.19"]

1. e4 {[%clk 1:30:59]} 1... c5 {[%clk 1:30:55]} 2. Nf3 {[%clk 1:31:26]} 2... d6
{[%clk 1:31:21]} 3. d4 {[%clk 1:31:39]} 3... cxd4 {[%clk 1:31:44]} 4. Nxd4 {
[%clk 1:32:07]} 4... Nf6 {[%clk 1:32:03]} 5. Nc3 {[%clk 1:32:36]} 5... a6 {
[%clk 1:32:26]} 6. Bg5 {[%clk 1:32:15]} 6... e6 {[%clk 1:32:03]} 7. f4 { [%clk
1:32:06]} 7... h6 {[%clk 1:32:00]} 8. Bh4 {[%clk 1:31:41]} 8... Qb6 { [%clk
1:32:05]} 9. Qd2 {[%clk 1:31:06]} 9... Qxb2 {[%clk 1:30:47]} 10. Rb1 { [%clk
1:31:18]} 10... Qa3 {[%clk 1:31:12]} 11. Bxf6 {[%clk 1:30:13]} 11... gxf6
{[%clk 1:31:39]} 12. Be2 {[%clk 1:30:33]} 12... h5 {[%clk 1:28:29]} 13. O-O {
[%clk 1:29:09]} 13... Nc6 {[%clk 1:17:03]} 14. Nxc6 {[%clk 1:22:39]} 14... bxc6
{[%clk 1:17:12]} 15. Kh1 {[%clk 1:21:09]} 15... Qa5 {[%clk 0:47:53]} 16. Bf3 {
[%clk 1:00:04]} 16... Be7 {[%clk 0:43:29]} 17. Rb3 {[%clk 0:56:52]} 17... Bd7 {
[%clk 0:31:17]} 18. Rfb1 {[%clk 0:53:47]} 18... Rd8 {[%clk 0:30:35]} 19. Qe3 {
[%clk 0:43:11]} 19... f5 {[%clk 0:22:36]} 20. Qb6 {[%clk 0:38:13]} 20... Qxb6 {
[%clk 0:22:16]} 21. Rxb6 {[%clk 0:38:41]} 21... fxe4 {[%clk 0:21:38]} 22. Bxe4
{[%clk 0:35:50]} 22... d5 {[%clk 0:21:21]} 23. Bf3 {[%clk 0:35:50]} 23... a5 {
[%clk 0:18:55]} 24. Ne2 {[%clk 0:32:37]} 24... c5 {[%clk 0:16:28]} 25. f5 {
[%clk 0:31:25]} 25... Bg5 {[%clk 0:12:20]} 26. fxe6 {[%clk 0:26:51]} 26... fxe6
{[%clk 0:12:09]} 27. h4 {[%clk 0:23:43]} 27... Bxh4 {[%clk 0:09:03]} 28. Nf4 {
[%clk 0:23:59]} 28... Bg3 {[%clk 0:09:04]} 29. Nxe6 {[%clk 0:19:06]} 29... Bxe6
{[%clk 0:08:06]} 30. Rxe6+ {[%clk 0:19:34]} 30... Kf7 {[%clk 0:07:39]} 31. Ra6
{[%clk 0:18:56]} 31... Rb8 {[%clk 0:03:42]} 32. Rf1 {[%clk 0:17:32]} 32... d4 {
[%clk 0:02:42]} 33. Rxa5 {[%clk 0:17:30]} 33... Kg7 {[%clk 0:01:46]} 34. Rxc5 {
[%clk 0:16:35]} 34... h4 {[%clk 0:02:10]} 35. a4 {[%clk 0:12:34]} 35... Rb4 {
[%clk 0:01:08]} 36. Be4 {[%clk 0:06:23]} 36... Re8 {[%clk 0:00:43]} 37. Bd3 {
[%clk 0:05:22]} 37... Re5 {[%clk 0:00:33]} 38. Rc7+ {[%clk 0:05:18]} 38... Kh6
{[%clk 0:00:48]} 39. Rc6+ {[%clk 0:02:19]} 39... Kh5 {[%clk 0:00:53]} 40. Rc4 {
[%clk 0:00:45]} 40... Rxc4 {[%clk 0:00:36]} 41. Bxc4 {[%clk 0:00:54]} 1/2-1/2

[Event "DEM U16 2018"]
[Site "Willingen GER"]
[Date "2018.05.21"]
[Round "3"]
[White "Woithe, Daniel"]
[Black "Mütsch, Annmarie"]
[Result "0-1"]
[Termination "normal"]
[Board "10"]
[WhiteElo "1894"]
[BlackElo "2145"]
[WhiteClock "00:17:33"]
[BlackClock "00:16:09"]
[PlyCount "62"]
[WhiteFideId "16244648"]
[BlackFideId "12971367"]
[EventCountry "GER"]
[EventRounds "9"]
[EventType "swiss"]
[EventDate "2018.05.19"]

1. e4 {[%clk 1:30:59]} 1... c5 {[%clk 1:30:47]} 2. Nf3 {[%clk 1:31:23]} 2... d6
{[%clk 1:30:56]} 3. c3 {[%clk 1:25:27]} 3... Nf6 {[%clk 1:31:15]} 4. Bb5+ {
[%clk 1:23:37]} 4... Nbd7 {[%clk 1:30:15]} 5. d3 {[%clk 1:22:57]} 5... a6 {
[%clk 1:29:37]} 6. Ba4 {[%clk 1:23:08]} 6... e5 {[%clk 1:26:29]} 7. O-O { [%clk
1:23:02]} 7... Be7 {[%clk 1:26:12]} 8. Re1 {[%clk 1:22:35]} 8... O-O { [%clk
1:23:44]} 9. Nbd2 {[%clk 1:21:38]} 9... b5 {[%clk 1:22:00]} 10. Bc2 { [%clk
1:22:02]} 10... Qc7 {[%clk 1:20:18]} 11. Nf1 {[%clk 1:21:09]} 11... Re8 { [%clk
1:17:27]} 12. Ng3 {[%clk 1:21:06]} 12... g6 {[%clk 1:17:07]} 13. Be3 { [%clk
1:20:18]} 13... Bb7 {[%clk 1:06:08]} 14. d4 {[%clk 1:00:01]} 14... Rad8 { [%clk
0:55:16]} 15. d5 {[%clk 0:57:01]} 15... c4 {[%clk 0:54:03]} 16. h3 { [%clk
0:48:57]} 16... a5 {[%clk 0:47:35]} 17. Qd2 {[%clk 0:42:20]} 17... Nc5 18. a4
{[%clk 0:36:08]} 18... bxa4 {[%clk 0:37:48]} 19. Bxc5 {[%clk 0:33:37]} 19...
Qxc5 {[%clk 0:37:31]} 20. Bxa4 {[%clk 0:30:40]} 20... Rf8 {[%clk 0:36:36] } 21.
b3 {[%clk 0:28:39]} 21... cxb3 {[%clk 0:35:40]} 22. Bxb3 {[%clk 0:28:58]} 22...
Rb8 {[%clk 0:35:12]} 23. Reb1 {[%clk 0:27:35]} 23... Rfc8 {[%clk 0:33:27] } 24.
c4 {[%clk 0:26:57]} 24... Bd8 {[%clk 0:33:50]} 25. Ne1 {[%clk 0:24:50]} 25...
Ba6 {[%clk 0:29:50]} 26. Qc3 {[%clk 0:22:18]} 26... h5 {[%clk 0:28:16]} 27. Nd3
{[%clk 0:21:08]} 27... Qa7 {[%clk 0:28:23]} 28. h4 {[%clk 0:20:28]} 28... Ng4
{[%clk 0:26:16]} 29. Nh1 {[%clk 0:19:10]} 29... Bb6 {[%clk 0:20:45]} 30. Ra2
{[%clk 0:18:04]} 30... Bxc4 {[%clk 0:15:44]} 31. Bxc4 {[%clk 0:17:33]} 31...
Bxf2+ {[%clk 0:16:09]} 0-1

[Event "DEM U16 2018"]
[Site "Willingen GER"]
[Date "2018.05.21"]
[Round "3"]
[White "Yankelevich, Michael"]
[Black "Köhler, Lukas"]
[Result "1/2-1/2"]
[Termination "normal"]
[Board "11"]
[WhiteElo "1986"]
[BlackElo "1852"]
[WhiteClock "01:15:11"]
[BlackClock "00:01:38"]
[PlyCount "153"]
[WhiteFideId "12921440"]
[BlackFideId "16221990"]
[EventCountry "GER"]
[EventRounds "9"]
[EventType "swiss"]
[EventDate "2018.05.19"]

1. e4 {[%clk 1:30:52]} 1... c5 {[%clk 1:30:55]} 2. Nf3 {[%clk 1:31:11]} 2... e6
{[%clk 1:30:42]} 3. g3 {[%clk 1:31:17]} 3... d6 {[%clk 1:29:18]} 4. Bg2 { [%clk
1:28:53]} 4... Be7 {[%clk 1:28:32]} 5. O-O {[%clk 1:28:56]} 5... Nc6 { [%clk
1:21:51]} 6. Qe2 {[%clk 1:21:13]} 6... Nf6 {[%clk 1:16:54]} 7. Rd1 { [%clk
1:20:45]} 7... Bd7 {[%clk 1:13:09]} 8. d4 {[%clk 1:19:56]} 8... cxd4 { [%clk
1:12:54]} 9. Nxd4 {[%clk 1:20:24]} 9... Nxd4 {[%clk 1:06:48]} 10. Rxd4 { [%clk
1:19:57]} 10... Qb6 {[%clk 1:05:36]} 11. Rd1 {[%clk 1:19:39]} 11... Rc8 { [%clk
1:02:48]} 12. c4 {[%clk 1:18:10]} 12... O-O {[%clk 0:59:28]} 13. Nc3 { [%clk
1:12:24]} 13... a6 {[%clk 0:56:03]} 14. b3 {[%clk 1:07:15]} 14... Rfd8 { [%clk
0:47:40]} 15. Be3 {[%clk 1:04:33]} 15... Qa5 {[%clk 0:47:10]} 16. Bd2 { [%clk
1:02:13]} 16... Qh5 {[%clk 0:30:00]} 17. Bf3 {[%clk 1:01:19]} 17... Qg6 { [%clk
0:28:09]} 18. Rac1 {[%clk 1:01:16]} 18... b5 {[%clk 0:24:43]} 19. cxb5 { [%clk
0:59:37]} 19... axb5 {[%clk 0:24:52]} 20. a4 {[%clk 0:59:09]} 20... bxa4 {[%clk
0:24:26]} 21. bxa4 {[%clk 0:59:38]} 21... Bc6 {[%clk 0:22:07]} 22. a5 { [%clk
0:57:54]} 22... Nd7 {[%clk 0:20:02]} 23. Be3 {[%clk 0:54:03]} 23... Ba8 { [%clk
0:12:39]} 24. Bd4 {[%clk 0:49:06]} 24... Qg5 {[%clk 0:10:44]} 25. a6 { [%clk
0:47:38]} 25... Nc5 {[%clk 0:10:19]} 26. h4 {[%clk 0:46:38]} 26... Qh6 { [%clk
0:07:39]} 27. Be3 {[%clk 0:44:34]} 27... g5 {[%clk 0:07:21]} 28. Kg2 { [%clk
0:38:48]} 28... Qg7 {[%clk 0:07:17]} 29. hxg5 {[%clk 0:38:20]} 29... Nb3 {[%clk
0:07:25]} 30. Nb5 {[%clk 0:36:29]} 30... Nxc1 {[%clk 0:07:36]} 31. Bxc1 {[%clk
0:36:57]} 31... Bxg5 {[%clk 0:05:00]} 32. Ba3 {[%clk 0:36:40]} 32... Be7 {[%clk
0:03:20]} 33. e5 {[%clk 0:35:55]} 33... Bxf3+ 34. Kxf3 {[%clk 0:35:01]} 34...
Qxe5 {[%clk 0:02:12]} 35. Qxe5 {[%clk 0:34:34]} 35... dxe5 { [%clk 0:02:42]}
36. Ra1 {[%clk 0:33:10]} 36... Bxa3 {[%clk 0:01:54]} 37. Rxa3 { [%clk 0:33:40]}
37... Rc5 {[%clk 0:00:36]} 38. Ra5 {[%clk 0:33:28]} 38... Ra8 { [%clk 0:00:34]}
39. a7 {[%clk 0:33:27]} 39... Rxa7 {[%clk 0:00:31]} 40. Rxa7 { [%clk 0:33:52]}
40... Rxb5 {[%clk 0:00:56]} 41. Ra4 {[%clk 0:34:13]} 41... Kg7 {[%clk 0:00:47]}
42. Kg2 {[%clk 0:34:41]} 42... Rb7 {[%clk 0:27:16]} 43. Rg4+ { [%clk 1:05:40]}
43... Kf6 {[%clk 0:26:39]} 44. Rh4 {[%clk 1:06:09]} 44... Kg7 { [%clk 0:27:08]}
45. Rg4+ {[%clk 1:06:39]} 45... Kf8 {[%clk 0:26:46]} 46. Rh4 { [%clk 1:07:00]}
46... f5 {[%clk 0:26:13]} 47. Rh6 {[%clk 1:06:51]} 47... Re7 { [%clk 0:25:15]}
48. Kf3 {[%clk 1:07:19]} 48... Kg7 {[%clk 0:25:33]} 49. Rh4 { [%clk 1:07:48]}
49... Ra7 {[%clk 0:25:32]} 50. Rb4 {[%clk 1:08:17]} 50... Kf6 { [%clk 0:25:14]}
51. Kg2 {[%clk 1:08:46]} 51... Rg7 {[%clk 0:24:21]} 52. Kf3 { [%clk 1:09:12]}
52... e4+ {[%clk 0:24:00]} 53. Ke3 {[%clk 1:09:40]} 53... e5 { [%clk 0:24:06]}
54. Rb6+ {[%clk 1:10:06]} 54... Kg5 {[%clk 0:24:28]} 55. Re6 { [%clk 1:10:30]}
55... Kg4 {[%clk 0:22:17]} 56. Rxe5 {[%clk 1:10:41]} 56... Ra7 {[%clk 0:22:37]}
57. Re8 {[%clk 1:10:35]} 57... Ra3+ {[%clk 0:22:50]} 58. Ke2 { [%clk 1:11:05]}
58... Ra2+ {[%clk 0:21:02]} 59. Ke3 Ra3+ 60. Ke2 { [%clk 1:12:02]} 60... Rf3
{[%clk 0:22:01]} 61. Rh8 {[%clk 1:11:37]} 61... h5 { [%clk 0:22:19]} 62. Rg8+
{[%clk 1:12:05]} 62... Kh3 {[%clk 0:22:37]} 63. Kf1 { [%clk 1:12:10]} 63... e3
{[%clk 0:21:59]} 64. Ke2 {[%clk 1:12:39]} 64... exf2 { [%clk 0:18:34]} 65. Kf1
{[%clk 1:13:09]} 65... Rxg3 {[%clk 0:15:01]} 66. Rf8 { [%clk 1:13:14]} 66...
Kg4 {[%clk 0:10:39]} 67. Kxf2 {[%clk 1:12:51]} 67... f4 { [%clk 0:10:29]} 68.
Rg8+ {[%clk 1:13:19]} 68... Kh3 {[%clk 0:10:50]} 69. Rf8 { [%clk 1:13:42]}
69... Rg4 {[%clk 0:05:44]} 70. Rf5 {[%clk 1:13:56]} 70... h4 { [%clk 0:05:45]}
71. Kf3 {[%clk 1:13:58]} 71... Rg1 {[%clk 0:05:08]} 72. Kf2 { [%clk 1:14:23]}
72... Rg4 {[%clk 0:02:06]} 73. Kf3 {[%clk 1:14:43]} 73... Rg1 { [%clk 0:02:36]}
74. Kf2 {[%clk 1:15:07]} 74... Kh2 {[%clk 0:00:52]} 75. Rxf4 { [%clk 1:15:21]}
75... h3 {[%clk 0:01:18]} 76. Rf5 {[%clk 1:14:55]} 76... Rg2+ { [%clk 0:01:38]}
77. Kf1 {[%clk 1:15:11]} 1/2-1/2

[Event "DEM U16 2018"]
[Site "Willingen GER"]
[Date "2018.05.21"]
[Round "3"]
[White "Hoffmann, Lennard"]
[Black "Bosselmann, Tom Linus"]
[Result "0-1"]
[Termination "normal"]
[Board "12"]
[WhiteElo "2013"]
[BlackElo "2082"]
[WhiteClock "00:13:33"]
[BlackClock "00:12:41"]
[PlyCount "60"]
[WhiteFideId "12943495"]
[BlackFideId "12983845"]
[EventCountry "GER"]
[EventRounds "9"]
[EventType "swiss"]
[EventDate "2018.05.19"]

1. e4 {[%clk 1:30:58]} 1... c5 {[%clk 1:30:56]} 2. Nf3 {[%clk 1:31:23]} 2... a6
{[%clk 1:31:08]} 3. c3 {[%clk 1:31:23]} 3... d5 {[%clk 1:31:19]} 4. exd5 {
[%clk 1:29:57]} 4... Qxd5 {[%clk 1:31:38]} 5. d4 {[%clk 1:28:48]} 5... Nf6 {
[%clk 1:31:57]} 6. Be2 {[%clk 1:27:44]} 6... e6 {[%clk 1:30:49]} 7. O-O { [%clk
1:26:36]} 7... Nc6 {[%clk 1:30:31]} 8. Be3 {[%clk 1:24:05]} 8... cxd4 { [%clk
1:29:53]} 9. cxd4 {[%clk 1:23:10]} 9... Be7 {[%clk 1:27:05]} 10. Nc3 { [%clk
1:22:41]} 10... Qd8 {[%clk 1:26:34]} 11. a3 {[%clk 1:16:03]} 11... O-O { [%clk
1:25:41]} 12. Qd3 {[%clk 1:13:50]} 12... b5 {[%clk 1:21:09]} 13. Bd1 { [%clk
1:04:45]} 13... Bb7 {[%clk 1:18:15]} 14. Bc2 {[%clk 1:02:15]} 14... Re8 { [%clk
1:12:34]} 15. Rad1 {[%clk 0:56:34]} 15... g6 {[%clk 1:10:03]} 16. Bh6 { [%clk
0:46:47]} 16... Qc7 {[%clk 1:04:45]} 17. Ne2 {[%clk 0:40:27]} 17... Rad8 {[%clk
0:48:05]} 18. Ng3 {[%clk 0:32:44]} 18... e5 {[%clk 0:20:50]} 19. Qc3 { [%clk
0:28:42]} 19... Nd5 {[%clk 0:14:05]} 20. Qb3 {[%clk 0:24:53]} 20... Nxd4 {[%clk
0:12:32]} 21. Nxd4 {[%clk 0:24:54]} 21... exd4 {[%clk 0:12:54]} 22. Rxd4 {[%clk
0:22:47]} 22... Nf6 {[%clk 0:13:15]} 23. Rf4 {[%clk 0:17:52]} 23... Bd5 {[%clk
0:12:17]} 24. Qc3 {[%clk 0:16:14]} 24... Qxc3 {[%clk 0:12:46]} 25. bxc3 {[%clk
0:16:40]} 25... Bc4 {[%clk 0:12:50]} 26. Rc1 {[%clk 0:15:31]} 26... Nd5 {[%clk
0:12:45]} 27. Rxc4 {[%clk 0:15:06]} 27... bxc4 {[%clk 0:12:46]} 28. Ba4 {[%clk
0:15:33]} 28... Bxa3 {[%clk 0:12:44]} 29. Ra1 {[%clk 0:14:24]} 29... Bb2 {[%clk
0:12:49]} 30. Rb1 {[%clk 0:13:33]} 30... Nxc3 {[%clk 0:12:41]} 0-1